Most Patriotic Countries - Statistics

General Stats
  • This quiz has been taken 38 times
  • The average score is 6 of 15
Answer Stats
Percent Country % Correct
89% Pakistan
76%
74% India
71%
94% Morocco
68%
73% Turkey
62%
72% Thailand
50%
89% Vietnam
47%
72% Armenia
38%
85% Azerbaijan
35%
86% Bangladesh
35%
76% Afghanistan
32%
73% Philippines
29%
75% Georgia
26%
74% Finland
15%
93% Fiji
9%
84% Papua New Guinea
6%
No matching quizzes found
Score Distribution
Percent of People with Each Score
Percentile by Number Answered
Your Score History
You have not taken this quiz